000 00270nam a2200109Ia 4500
008 220204s9999 xx 000 0 und d
082 _a82-3
_bKEN
100 _aKeneally, Thomas
245 0 _aBlood red, sister rose
260 _aGreat Britain
_bFontana
_c1976
942 _cBK
999 _c29291
_d29291